00696nam a2200205Ia 4500003000900000008004100009020001800050040001600068080002200084245009700106260003000203300001300233650004100246650001100287650001600298700002200314942000700336999001700343952013000360IN-BaIIA211028s9999 xx 000 0 eng d a0-444-82140-6 cIIA Library a047.1:535bPRO-34 0aProgress in opticsbvol. 34cedited by E. Wolf  aAmsterdambElsevierc1995 ax, 432p. aAstronomy and astrophysics Thesaurus aOptics aPhysics973 aWolf, E ed.93849 cBK c12364d12364 00104070aBANbBANcGENd1998-01-13g6431.00l0o047.1:535/ PRO-34p13280r2021-11-05v6431.00w1998-01-13yBKGRs. 6431.00